| 000 | 00663nas a2200229Ia 4500 | ||
|---|---|---|---|
| 001 | A04/R039-11703 [r000008991] | ||
| 003 | IT-MiCISF | ||
| 005 | 20250409113604.0 | ||
| 008 | 161014c99999999xx |||||||||||| ||und|| | ||
| 040 |
_aIT-MiCISF _cIT-MiCISF |
||
| 041 | _ait | ||
| 100 |
_aGabrielli Gabriella _962062 |
||
| 245 | 0 | _aUn'accoglienza "preventiva" | |
| 250 | _a"Famiglia oggi", n. 2, marzo-aprile | ||
| 260 | _c2009 | ||
| 300 | _app. 98-102 | ||
| 500 | _afamiglia-a-rischio, bambini-a-rischio, associazioni, assistenza-domiciliare, progetto, esperienze | ||
| 650 | _aServizi-alla-persona | ||
| 654 | _aarticolo | ||
| 942 |
_cCR _2ddc |
||
| 999 |
_c244320 _d244320 |
||
| 999 | _bSi | ||